Escuela de Artes y Oficios de La Habana (Record no. 168687)

MARC details
000 -LEADER
campo de control de longitud fija 00505nam a2200145 i 4500
001 - NÚMERO DE CONTROL
campo de control 168687
003 - IDENTIFICADOR DE NÚMERO DE CONTROL
campo de control ES-MaACL
005 - FECHA Y HORA DE LA ÚLTIMA TRANSACCIÓN
campo de control 20230906213847.0
008 - DATOS DE LONGITUD FIJA--INFORMACIÓN GENERAL
campo de control de longitud fija 080508s1909 cu |||| | spa d
110 2# - ENTRADA PRINCIPAL--NOMBRE DE ENTIDAD CORPORATIVA
Nombre de entidad corporativa o nombre de jurisdicción como elemento de entrada Escuela de Artes y Oficios de La Habana.
9 (RLIN) 137774
245 10 - MENCIÓN DEL TÍTULO
Título Escuela de Artes y Oficios de La Habana
Resto del título : [ Año escolar de 1909 a 1910].
260 ## - PUBLICACIÓN, DISTRIBUCIÓN, ETC.
Lugar de publicación, distribución, etc. Habana :
Nombre del editor, distribuidor, etc. [s.n.],
Fecha de publicación, distribución, etc. 1909 (
Fabricante Librería e imprenta "La Moderna Poesía])
300 ## - DESCRIPCIÓN FÍSICA
Extensión 12 p., [16] h. de lám. ;
Dimensiones 26 cm.
852 1# - LOCALIZACIÓN
Ubicación BA
Número de control de estantería 2240-F-7
Holdings
Estatus retirado Estado de pérdida Estado de daño No para préstamo Colección Biblioteca de origen Biblioteca actual Ubicación en estantería Fecha de adquisición Fuente de adquisición Total de préstamos Signatura topográfica completa Código de barras Visto por última vez Precio de reemplazo Tipo de ítem Koha
        Colección de folletos Biblioteca del Ateneo de Madrid Biblioteca del Ateneo de Madrid Depósito folletos 08/05/2008     2240-F-7 1177025 23/02/2023 23/02/2023 Folleto